| 000 | 02209 a2200217 4500 | ||
|---|---|---|---|
| 020 | _a0070120285 | ||
| 020 | _a9780070120280 | ||
| 082 | 0 | 4 | _a371.350973 |
| 090 |
_c1341 _d1341 |
||
| 100 | 1 | _aChute, Alan G. | |
| 245 | 1 | 4 |
_aThe mcgraw-hill handbook of distance learning : _ba ``how to get started guide'' for trainers and human resources professionals / _cAlan G. Chute. |
| 260 |
_a[S.l.] : _bMcGraw-Hill Companies, _c1998. |
||
| 300 |
_a236 p. ; _c24 cm. |
||
| 500 | _aHardcover. | ||
| 520 | _aWritten by the practicing experts in the field, the McGraw-Hill Handbook of Distance Learning offers a comprehensive answer to the question of how to bring distance learning to your company or organization. It gives you all the information you need, from tips on getting buy-in support from all stakeholders to choosing the most appropriate technologies for your training and educational delivery needs, and providing necessary support for your distance learners. By using distance learning systems, trainers and educators are delivering more training to more people on more subjects with higher impact and effectiveness, and in a much more cost-effective way, than ever before. The decision to implement distance learning is a powerful step toward having a sure advantage over your competitors. Countless organizations that have successfully implemented distance learning programs report that distance learning can be a powerful step toward achieving cost benefits and productivity improvements. Now, you can learn from the examples of other successes, and avoid the expensive mistakes some organizations have made. Whether you work in business, higher education, or for the government, whether you are a trainer, human resources professional, or teacher, the McGraw-Hill Handbook of Distance Learning will show you how to increase the impact and productivity of dollars invested in training and education programs. | ||
| 700 | 1 | _aThompson, Melody. | |
| 700 | 1 | _aHancock, Burton. | |
| 856 | 4 | 0 |
_3Amazon.com _uhttp://www.amazon.com/exec/obidos/ASIN/0070120285/chopaconline-20 |
| 856 | 4 | 0 |
_3Amazon customer reviews _uhttp://www.chopac.org/cgi-bin/tools/azrev.pl?q=0070120285 |
| 942 |
_aNBS _cBK _k371.350973 CHU |
||
| 999 |
_c343863 _d343863 |
||